000
00254 a2200109 4500
001
90180
082
_a
03122 MUK
090
_c
42521
_d
42521
100
_a
Indira Mukherjee
245
_a
Tell me the answer: book 3
260
_a
Delhi
_b
Blackie & son
_c
1997
942
_a
NUST-CAE
_k
03122 MUK
999
_c
325253
_d
325253